Balances (Registro nro. 450)

Detalles MARC
000 -LEADER
fixed length control field 01255 a2200229 4500
001 - CONTROL NUMBER
control field 10423
005 - DATE AND TIME OF LATEST TRANSACTION
control field 20260407155437.0
008 - FIXED-LENGTH DATA ELEMENTS--GENERAL INFORMATION
fixed length control field 260407a2011 arg spa d
003 - CONTROL NUMBER IDENTIFIER
control field AR-UNSa-BCEJYS
040 ## - CATALOGING SOURCE
Original cataloging agency AR-UNSa-BCEJYS
Language of cataloging spa
Transcribing agency AR-UNSa-BCEJYS
080 ## - UNIVERSAL DECIMAL CLASSIFICATION NUMBER
Universal Decimal Classification number 657.36
Common auxiliary subdivision Balances de comprobación (balance estimativo). Balances de saldo. Balance intermedio
020 ## - INTERNATIONAL STANDARD BOOK NUMBER
International Standard Book Number 978-987-01-1217-4
041 ## - LANGUAGE CODE
Language code of text/sound track or separate title spa
100 1# - MAIN ENTRY--PERSONAL NAME
Personal name Orieta, Rosa Mariel
245 10 - TITLE STATEMENT
Title Balances
Name of part/section of a work guía práctica para su presentación
264 #1 - PRODUCTION, PUBLICATION, DISTRIBUTION, MANUFACTURE, AND COPYRIGHT NOTICE
Place of production, publication, distribution, manufacture Buenos Aires :
Name of producer, publisher, distributor, manufacturer Errepar
Date of production, publication, distribution, manufacture, or copyright notice 2011
300 ## - PHYSICAL DESCRIPTION
Extent xxii, 324 p.
Dimensions 27 cm.
505 ## - FORMATTED CONTENTS NOTE
Formatted contents note 1. Cuestiones preliminares - 2. Entes comerciales, industriales y de servicio - 3. Estado de resultados - 4. Estado de evolución del patrimonio neto - 5. Estado de flujo de efectivo - 6. Información complementaria - 7. Memoria - 8. Caso práctico integral - 9. Entes sin fines de lucro - 10. Cooperativas - 11. Información por segmentos - 12. Formalidades de presentación - 13. Análisis de estados contables - 14. Normas internacionales de contabilidad
590 ## - LOCAL NOTE (RLIN)
Local note niveau_biblio:m niveau_hierar:0
856 41 - ELECTRONIC LOCATION AND ACCESS
Uniform Resource Identifier <a href="https://biblioeco.unsa.edu.ar/pmb/images/libros/Balances Orieta, Rosa Mariel (2011).jpg">https://biblioeco.unsa.edu.ar/pmb/images/libros/Balances Orieta, Rosa Mariel (2011).jpg</a>
Link text Imagen de portada
Electronic format type image/jpeg
942 ## - ADDED ENTRY ELEMENTS (KOHA)
Koha item type
Existencias
Withdrawn status Lost status Damaged status Not for loan Home library Current library Shelving location Date acquired Total checkouts Full call number Barcode Date last seen Price effective from Koha item type
        Biblioteca Prof. Eusebio Cleto del Rey Biblioteca Prof. Eusebio Cleto del Rey   07/04/2026   657.36 O69 L118704 07/04/2026 07/04/2026 Libro
        Biblioteca Prof. Eusebio Cleto del Rey Biblioteca Prof. Eusebio Cleto del Rey   07/04/2026   657.36 O69 L118703 07/04/2026 07/04/2026 Libro